000 00687nam a22002177a 4500
005 20251216094634.0
008 220419b ||||| |||| 00| 0 eng d
020 _a9780367240033
040 _cAIMIT LIBRARY
082 _21
_a005.764
_bBASA
100 _aBasu, Ayanendranath.
_930383
245 _aUsers guide to business analytics /
_cBy Ayanendranath Basu, Srabashi Basu.
250 _a1st ed.
_bSpecial Indian Edition
260 _aNew York :
_bCRC Press,
_c2019.
300 _axvi, 384p. ;
_c23 cm.
_bHB
650 _2What is analytics
650 _2Reporting data
650 _2Statistical inference
700 _aBasu, Srabashi.
_930384
942 _2ddc
_cBK
_e1st
_k005.764 BASA
999 _c222480
_d222480